Электронная структура и электронные свойства металлов и сплавов: сборник научных трудов

Dades bibliogràfiques
Altres autors: Барьяхтар В. Г. Виктор Григорьевич (редактор)
Idioma:rus
Publicat: Киев, Наукова думка, 1988
Matèries:
Format: MixedMaterials Llibre
KOHA link:https://koha.lib.tpu.ru/cgi-bin/koha/opac-detail.pl?biblionumber=114234

MARC

LEADER 00000nam0a2200000 4500
001 114234
005 20231031122201.0
010 |a 5120093434 
035 |a (RuTPU)RU\TPU\book\123537 
090 |a 114234 
100 |a 20070420d1988 k y0rusy50 ca 
101 0 |a rus 
102 |a UA 
105 |a a z 001zy 
200 1 |a Электронная структура и электронные свойства металлов и сплавов  |e сборник научных трудов  |f под ред. В. Г. Барьяхтара 
210 |a Киев  |c Наукова думка  |d 1988 
215 |a 248 с.  |c ил. 
320 |a Библиогр. в конце ст. 
610 1 |a металлы 
610 1 |a электронная структура 
610 1 |a сборники 
610 1 |a сплавы 
610 1 |a электронные свойства 
675 |a 669:539.2  |v 3 
702 1 |a Барьяхтар  |b В. Г.  |g Виктор Григорьевич  |4 340 
801 1 |a RU  |b 63413507  |c 20070420  |g PSBO 
801 2 |a RU  |b 63413507  |c 20080602  |g PSBO 
942 |c BK